[Event "Putrajaya op 1st"]
[Site "Putrajaya"]
[Date "2019.01.19"]
[Round "1"]
[White "Le, Hao Ming"]
[Black "Liew, Chee Meng Jimmy"]
[Result "0-1"]
[WhiteElo "1122"]
[BlackElo "2191"]
[PlyCount "56"]
[EventDate "2019.01.19"]
[EventType "swiss"]
[EventRounds "8"]
[EventCountry "MAS"]
[SourceTitle "CBM 188 Extra"]
[Source "ChessBase"]
[SourceDate "2019.02.26"]
[SourceVersion "1"]
[SourceVersionDate "2019.02.26"]
[SourceQuality "1"]

1. e4 d6 2. d4 Nf6 3. Nc3 Nbd7 4. Be3 e5 5. Nf3 Be7 6. dxe5 dxe5 7. Bc4 c6 8. 0-0 Ng4 9. Qd2 Nxe3 10. Qxe3 0-0 11. Rad1 Qc7 12. Bb3 Nc5 13. Rfe1 a5 14. Ne2 b5 15. c3 Nxb3 16. axb3 Be6 17. Nd2 Rad8 18. c4 h6 19. Nc3 Bg5 20. Qe2 Bxd2 21. Rxd2 Rxd2 22. Qxd2 bxc4 23. bxc4 Rd8 24. Qe2 Qb6 25. Rd1 Rd4 26. Na4 Qb4 27. Rxd4 exd4 28. Qd1 Bxc4 0-1

[Event "Kuala Lumpur UM KPT op"]
[Site "Kuala Lumpur"]
[Date "2016.12.18"]
[Round "9"]
[White "Azman, Norhidayah"]
[Black "Le, Hao Ming"]
[Result "1-0"]
[WhiteElo "1526"]
[BlackElo "1019"]
[PlyCount "73"]
[EventDate "2016.12.16"]
[EventType "swiss"]
[EventRounds "9"]
[EventCountry "MAS"]
[SourceTitle "CBM 176 Extra"]
[Source "ChessBase"]
[SourceDate "2017.03.02"]
[SourceVersion "1"]
[SourceVersionDate "2017.03.02"]
[SourceQuality "1"]

1. e4 c5 2. Nf3 d6 3. Bc4 Nf6 4. Nc3 g6 5. d3 Bg7 6. 0-0 0-0 7. h3 Nc6 8. Be3 Bd7 9. Qd2 Re8 10. Bh6 Bh8 11. a3 a6 12. Ng5 e6 13. f4 b5 14. Ba2 Qb6 15. Kh1 a5 16. f5 Nd4 17. fxg6 fxg6 18. Ne2 Nc6 19. Nf4 Nd8 20. Qf2 Rb8 21. Ngxe6 Nxe6 22. Nd5 Qd8 23. Nxf6+ Bxf6 24. Qxf6 Qxf6 25. Rxf6 Kh8 26. Raf1 a4 27. Rf7 Rbd8 28. R1f6 b4 29. axb4 cxb4 30. Kg1 a3 31. bxa3 bxa3 32. Bc1 Nd4 33. Bxa3 Ra8 34. Bb2 Ne2+ 35. Kf2 Rxa2 36. Rf8+ Rxf8 37. Rxf8# 1-0

[Event "Kuala Lumpur UM KPT op"]
[Site "Kuala Lumpur"]
[Date "2016.12.16"]
[Round "1"]
[White "Bakri, Alia Anin Azwa"]
[Black "Le, Hao Ming"]
[Result "1-0"]
[WhiteElo "1944"]
[BlackElo "1019"]
[PlyCount "77"]
[EventDate "2016.12.16"]
[EventType "swiss"]
[EventRounds "9"]
[EventCountry "MAS"]
[SourceTitle "CBM 176 Extra"]
[Source "ChessBase"]
[SourceDate "2017.03.02"]
[SourceVersion "1"]
[SourceVersionDate "2017.03.02"]
[SourceQuality "1"]

1. d4 Nf6 2. c4 g6 3. Nc3 Bg7 4. e4 d6 5. Nf3 0-0 6. Be2 Nc6 7. 0-0 Bd7 8. d5 Ne5 9. Nxe5 dxe5 10. Qb3 b6 11. Be3 c5 12. dxc6 Bxc6 13. f3 Qc7 14. Rac1 Rfd8 15. Nd5 Qb7 16. Bg5 Nxd5 17. cxd5 Be8 18. Qa3 Rd6 19. Rc2 h6 20. Be3 Rd7 21. Ba6 Qb8 22. Rfc1 Rd8 23. Qxe7 Qd6 24. Qxd6 Rxd6 25. Rc8 Rd8 26. Rxa8 Rxa8 27. Bb7 Rb8 28. Bc6 Kf8 29. Bd2 a5 30. Be3 Ke7 31. Kf2 b5 32. Bxe8 Kxe8 33. Rc7 a4 34. Bc5 Bf8 35. d6 Rd8 36. d7+ Rxd7 37. Rc8+ Rd8 38. Rxd8+ Kxd8 39. Bxf8 1-0